Observing the user experience : (رقم التسجيلة. 33207)
[ عرض عادي ]
| 000 -الفاتح | |
|---|---|
| حقل البيانات ثابتة الطول | 01988cam a2200325 a 4500 |
| 001 - رقم الضبط | |
| رقم الضبط | 17305002 |
| 003 - محدد رقم الضبط | |
| رقم الضبط | OSt |
| 005 - وقت وتاريخ اخر تعامل مع التسجيلة | |
| رقم الضبط | 20150408114204.0 |
| 008 - عناصر البيانات ثابتة الطول - معلومات عامة | |
| حقل البيانات ثابتة الطول | 120518s2012 ne b 001 0 eng |
| 010 ## - رقم ضبط مكتبة الكونجرس | |
| رقم ضبط مكتبة الكونجرس | 2012014674 |
| 020 ## - الرقم الدولى المعيارى للكتب | |
| الرقم الدولى المعيارى للكتاب | 9780123848697 (pbk.) |
| 040 ## - مصدر الفهرسة | |
| وكالة الفهرسة الأصلية | DLC |
| وكالة النسخ | DLC |
| وكالة التعديل | DLC |
| 042 ## - رمز التحقق | |
| رمز التحقق | pcc |
| 050 00 - رقم طلب مكتبة الكونجرس | |
| رقم التصنيف | TA166 |
| رقم المادة | .K86 2012 |
| 082 00 - رقم تصنيف ديوى العشرى | |
| رقم التصنيف | 004.21 |
| رقم الطبعة | 23 |
| رقم المادة | KMO |
| 100 1# - المدخل الرئيسى - إسم شخصى | |
| الإسم الشخصى | Kuniavsky, Mike. |
| 9 (RLIN) | 42245 |
| 245 10 - بيان العنوان | |
| العنوان | Observing the user experience : |
| بقية العنوان | a practitioner's guide to user research / |
| بيان المسئوليه,etc | Mike Kuniavsky, Elizabeth Goodman, Andrea Moed. |
| 250 ## - بيان الطبعة | |
| بيان الطبعة | 2nd ed. |
| 260 ## - PUBLICATION, DISTRIBUTION, ETC. (IMPRINT) | |
| مكان الناشر او الموزع | Amsterdam ; |
| -- | Boston : |
| اسم الناشر او الموزع | Morgan Kaufmann, |
| تاريخ النشر أو التوزيع | c2012. |
| 300 ## - الوصف المادى | |
| التعداد | xiii, 585 p. ; |
| أبعاد الوعاء | 24 cm. |
| 504 ## - تبصرة ببليوجرافية | |
| تبصرة ببليوجرافية,الخ | Includes bibliographical references (p. 571-576) and index. |
| 505 8# - تبصرة محتويات-الفهرس | |
| تبصرة المحتويات المصاغة | Machine generated contents note: Part I: Why Research is Good and How It Fits Into Product Development 1. Typhoon: A Fable 2. Do a Usability Test Now! 3. Balancing Needs Through Iterative Development 4. The User Experience Part II: User Experience Research Techniques 5. The Research Plan 6. Universal tools: Recruiting and Interviewing 7. User Profiles 8. Contextual Inquiry, Task Analysis, Card Sorting 9. Focus Groups 10. Usability Tests 11. Surveys 12. Ongoing Relationship 13. Log Files and Customer Support 14. Competitive Research 15. Others' Hard Work: Published Information and Consultants 16. Emerging Techniques Part III: Communicating Results 17. Reports and Presentations 18. Creating a User-Centered Corporate Culture Appendices A. The Budget Research Lab B. Common Survey Questions C. Observer Instructions Bibliography Index About the Author. |
| 650 #0 - المدخل الاضافى بالموضوع-مصطلح موضوعى | |
| مصطلح موضوعي أو اسم جغرافي كعنصر مدخل | User-centered system design. |
| 9 (RLIN) | 41790 |
| 650 #0 - المدخل الاضافى بالموضوع-مصطلح موضوعى | |
| مصطلح موضوعي أو اسم جغرافي كعنصر مدخل | Observation (Scientific method) |
| 9 (RLIN) | 42246 |
| 700 1# - المدخل الاضافى - اسم شخصى | |
| الإسم الشخصى | Goodman, Elizabeth, |
| التواريخ المصاحبة للاسم | 1976- |
| 9 (RLIN) | 42247 |
| 700 1# - المدخل الاضافى - اسم شخصى | |
| الإسم الشخصى | Moed, Andrea. |
| 9 (RLIN) | 42248 |
| 906 ## - عنصر بيانات محلى F, LDF (RLIN) | |
| a | 7 |
| b | cbc |
| c | orignew |
| d | 1 |
| e | ecip |
| f | 20 |
| g | y-gencatlg |
| 942 ## - عناصر المدخل الإضافي( كوها) | |
| مصدر التصنيف او مخطط الترفيف | Dewey Decimal Classification |
| Koha [default] item type | DVD |
| حالة الفقد | نموذج السعر الفعال | حالة تلف | ليس للاعارة | رقم الطلب | تاريخ الاكتساب | الموقع الحالي | الفرع الرئيسي | Date last seen | نوع المادة فى نظام كوها | مصدر التصنيف او خطة الترفيف | Total Checkouts |
|---|---|---|---|---|---|---|---|---|---|---|---|
| 2014-01-11 | 004.21 KMO | 2014-01-11 | المكتبة المركزية بالمجمعة (CL) | المكتبة المركزية بالمجمعة (CL) | 2014-01-11 | كتاب | Dewey Decimal Classification |
